Memoria sobre las disposiciones tomadas por el Gobierno para introducir en España el método de fumigar y purificar la atmósfera de Guiton de Morveau (Record no. 153867)

MARC details
000 -LEADER
campo de control de longitud fija 01082nam a22002175i 4500
001 - NÚMERO DE CONTROL
campo de control 153867
003 - IDENTIFICADOR DE NÚMERO DE CONTROL
campo de control ES-MaACL
005 - FECHA Y HORA DE LA ÚLTIMA TRANSACCIÓN
campo de control 20250728182716.0
008 - DATOS DE LONGITUD FIJA--INFORMACIÓN GENERAL
campo de control de longitud fija 981028s1805 sp a |||| | spa d
040 ## - FUENTE DE CATALOGACIÓN
Centro catalogador/agencia de origen BA
Lengua de catalogación spa
Centro/agencia transcriptor BA
245 00 - MENCIÓN DEL TÍTULO
Título Memoria sobre las disposiciones tomadas por el Gobierno para introducir en España el método de fumigar y purificar la atmósfera de Guiton de Morveau
Resto del título : experimentos hechos con este motivo, y algunas otras noticias que prueban el poder desinfectante de los ácidos minerales ... con el fin de evitar los progresos del contagio de la fiebre amarilla, y su reproducción.
260 ## - PUBLICACIÓN, DISTRIBUCIÓN, ETC.
Lugar de publicación, distribución, etc. Madrid :
Nombre del editor, distribuidor, etc. en la Imprenta Real,
Fecha de publicación, distribución, etc. 1805.
300 ## - DESCRIPCIÓN FÍSICA
Extensión 92, 234 p., [11] h. de grab. :
Otras características físicas il. ;
Dimensiones 21 cm.
597 ## - NOTA DE DESCRIPCIÓN FÍSICA
NOTA DE DESCRIPCIÓN FÍSICA Port. con esc. xil.
599 ## - NOTA A LAS ILUSTRACIONES
NOTA A LAS ILUSTRACIONES Tres esquemas xil. y ocho lám. calc.: "C. Maré ft" pleg., intercaladas en el texto.
650 #4 - PUNTO DE ACCESO ADICIONAL DE MATERIA--TÉRMINO DE MATERIA
Término de materia o nombre geográfico como elemento de entrada Medicina-
Subdivisión cronológica S.XIX.
9 (RLIN) 154860
700 2# - ENTRADA AGREGADA--NOMBRE PERSONAL
Nombre de persona Guyton de Morveau, Louis Bernard,
Fechas asociadas al nombre 1737-1816
9 (RLIN) 127672
700 1# - ENTRADA AGREGADA--NOMBRE PERSONAL
Nombre de persona Maré, C.
9 (RLIN) 129672
852 ## - LOCALIZACIÓN
Ubicación ES-MaACL
Número de control de estantería G-15197
Nota libre -- Enc. pasta
Holdings
Estatus retirado Estado de pérdida Estado de daño No para préstamo Colección Biblioteca de origen Biblioteca actual Ubicación en estantería Fecha de adquisición Fuente de adquisición Total de préstamos Signatura topográfica completa Código de barras Visto por última vez Precio de reemplazo Tipo de ítem Koha
        Libros del s. XIX Biblioteca del Ateneo de Madrid Biblioteca del Ateneo de Madrid Sala Pecera Planta 3 17/01/2008     G-15197 1160870 23/02/2023 23/02/2023 Libro impreso antiguo